000 00609nam a2200181Ia 4500
008 090630s9999 xx 000 0 und d
082 _b13452
100 _aकुमटेकर उदय.
245 _aवेध चार्वाकाचा.
_cकुमटेकर उदय.
260 _bअभय - नांदेड.
_c1994
300 _a167
600 _aकुमटेकर उदय.
630 _aवेध चार्वाकाचा.
655 _aइतर.
700 _aकुमटेकर उदय.
730 _aवेध चार्वाकाचा.
942 _cBOOK
999 _c265308
_d265308